Las raíces de América.
Uloženo v:
| Hlavní autor: | |
|---|---|
| Médium: | Kniha |
| Jazyk: | španělština |
| Vydáno: |
Madrid, España
Instituto Español de Antropología Aplicada
1868
|
| Témata: | |
| Tagy: |
Přidat tag
Žádné tagy, Buďte první, kdo vytvoří štítek k tomuto záznamu!
|
MARC
| LEADER | 00000nam a2200000 a 4500 | ||
|---|---|---|---|
| 001 | UCU9585 | ||
| 003 | CL-VaPUC | ||
| 005 | 20250227100109.0 | ||
| 008 | 960823e18680000SP |||||||||||||||||spa|d | ||
| 999 | |c 251298 |d 251296 | ||
| 040 | |c Pontificia Universidad Católica de Valparaíso | ||
| 082 | 0 | 4 | |a 980 GOM 1868 |2 21 |
| 100 | 0 | |a Gómez Tabanera, José Manuel |9 368822 | |
| 245 | 1 | 4 | |a Las raíces de América. |
| 260 | 0 | 3 | |a Madrid, España |b Instituto Español de Antropología Aplicada |c 1868 |
| 300 | |a 561 páginas. | ||
| 583 | |a last modification |c 19960823 00:00:00 |k Rodrigo Vera | ||
| 600 | 0 | 7 | |a COLON, CRISTOBAL |2 CL-VaPUC |9 265189 |
| 650 | 0 | |a Historia |9 255047 | |
| 650 | 7 | |a DESCUBRIMIENTOS |2 CL-VaPUC |9 319676 | |
| 650 | 7 | |a POBLACION ABORIGEN |2 CL-VaPUC |9 367786 | |
| 650 | 0 | |a Sociedad |9 307903 | |
| 650 | 0 | |a Prehistoria |9 316557 | |
| 650 | 0 | |a Navegación |9 255384 | |
| 650 | 0 | |a Expediciones científicas |9 265222 | |
| 650 | 0 | |a Viajes |9 257115 | |
| 650 | 7 | |a CULTURAS |2 CL-VaPUC |9 354346 | |
| 650 | 0 | |a Aborígenes |9 329972 | |
| 650 | 0 | |a Religión |9 255164 | |
| 650 | 0 | |a Misioneros |9 324171 | |
| 650 | 7 | |a SISTEMAS POLITICOS |2 CL-VaPUC |9 368823 | |
| 650 | 0 | |a Trabajo |9 313876 | |
| 650 | 7 | |a NACIONALIZACION |2 CL-VaPUC |9 257239 | |
| 650 | 0 | |a Evolución |9 259442 | |
| 650 | 0 | |a Edad media |9 258041 | |
| 650 | 0 | |a Comercio |9 255341 | |
| 650 | 0 | |a Geografía |9 259346 | |
| 651 | 0 | |a España |9 254926 | |
| 651 | 7 | |a PORTUGAL |2 CL-VaPUC |9 255007 | |
| 942 | |c BK |2 ddc | ||
| 945 | |d 19960823 00:00:00 |a nastorga | ||
| 952 | |0 0 |1 0 |2 ddc |4 0 |6 980_000000000000000_GOM_1868 |7 0 |8 A |9 270363 |a BIBARQ |b BIBARQ |d 2019-11-19 |i 3222772 |o 980 GOM 1868 |p 3222772 |r 2025-01-20 |t 1 |w 2019-11-19 |y BK |k ARQ | ||